| 000 | 00395 a2200121 4500 | ||
|---|---|---|---|
| 001 | ART_12053 | ||
| 005 | 20260410161902.0 | ||
| 008 | 260409a | ||
| 245 | 1 | 0 | _aThe use R2 to determine the apropiate transformation of regression variables |
| 100 | 1 | _aNewbold, Paul | |
| 700 | 1 | _aGranger, C. W. J. | |
| 773 | 0 |
_tJournal of econometrics _g- Vol. 4, NÂș 3 (ago. 1976) _wREV11720 |
|
| 999 |
_c26057 _d26057 |
||